Loading...
Literature - World Lit | 0 | 3 | 0 | 1 | 30 | 79 | 85.33 | 0 | 2 |
Literature - American Lit | 0 | 3 | 0 | 0 | 30 | 85 | 98.33 | 0 | 2 |
Literature - World Lit | 1 | 2 | 1 | 0 | 30 | 47 | 70.00 | 1 | 3 |
Literature - Euro Lit | 1 | 1 | 0 | 1 | 25 | 17 | 67.50 | 1 | 1 |
Literature - American Lit | 0 | 3 | 1 | 1 | 25 | 119 | 128.33 | 0 | 3 |
Literature - Euro Lit | 0 | 3 | 1 | 0 | 25 | 77 | 102.33 | 0 | 0 |
Literature - British Lit | 0 | 2 | 0 | 0 | 20 | 78 | 104.50 | 1 | 2 |
Beliefs - Mythology | 1 | 0 | 0 | 0 | 15 | 60 | 60.00 | 1 | 1 |
Thought - Social Science | 0 | 1 | 0 | 0 | 10 | 115 | 115.00 | 0 | 0 |
Beliefs - Mythology | 0 | 1 | 0 | 0 | 10 | 110 | 110.00 | 0 | 1 |
History - Other History | 0 | 1 | 0 | 0 | 10 | 101 | 101.00 | 0 | 0 |
Literature - American Lit | 0 | 1 | 0 | 0 | 10 | 114 | 114.00 | 0 | 1 |
Literature - British Lit | 0 | 1 | 0 | 0 | 10 | 99 | 99.00 | 1 | 1 |
Literature - British Lit | 0 | 1 | 0 | 0 | 10 | 131 | 131.00 | 0 | 1 |
Literature - Euro Lit | 0 | 1 | 0 | 0 | 10 | 110 | 110.00 | 0 | 0 |
Thought - Philosophy | 0 | 1 | 0 | 0 | 10 | 112 | 112.00 | 0 | 0 |
Arts - Other Arts | 0 | 1 | 0 | 0 | 10 | 64 | 64.00 | 1 | 1 |
Literature - World Lit | 0 | 1 | 0 | 0 | 10 | 105 | 105.00 | 0 | 0 |
Literature - World Lit | 0 | 1 | 0 | 0 | 10 | 116 | 116.00 | 0 | 1 |
Other - Other Academic | 0 | 1 | 0 | 0 | 10 | 104 | 104.00 | 0 | 0 |
Other - Pop Culture | 0 | 1 | 0 | 1 | 10 | 141 | 141.00 | 0 | 0 |
Thought - Philosophy | 0 | 1 | 0 | 1 | 10 | 123 | 123.00 | 0 | 0 |
Literature - British Lit | 0 | 1 | 3 | 0 | -5 | 139 | 139.00 | 0 | 1 |
Beliefs - Religion | 0 | 0 | 1 | 0 | -5 | 0.00 | 0 | 0 |